Offshore Wind Energy : (Record no. 11136)
[ view plain ]
| 000 -LEADER | |
|---|---|
| fixed length control field | 01516cam a22003494a 4500 |
| 001 - CONTROL NUMBER | |
| control field | 14414393 |
| 005 - DATE AND TIME OF LATEST TRANSACTION | |
| control field | 20201128020718.0 |
| 008 - FIXED-LENGTH DATA ELEMENTS--GENERAL INFORMATION | |
| fixed length control field | 060615s2006 nyua b 001 0 eng |
| 010 ## - LIBRARY OF CONGRESS CONTROL NUMBER | |
| LC control number | 2006929203 |
| 020 ## - INTERNATIONAL STANDARD BOOK NUMBER | |
| International Standard Book Number | 9783540346760 (hc : alk. paper) |
| 020 ## - INTERNATIONAL STANDARD BOOK NUMBER | |
| International Standard Book Number | 3540346767 (hc : alk. paper) |
| 040 ## - CATALOGING SOURCE | |
| Original cataloging agency | DLC |
| Transcribing agency | DLC |
| Modifying agency | DLC |
| 043 ## - GEOGRAPHIC AREA CODE | |
| Geographic area code | e-gx--- |
| 050 00 - LIBRARY OF CONGRESS CALL NUMBER | |
| Classification number | TD195.W54 |
| Item number | O44 2006 |
| 082 00 - DEWEY DECIMAL CLASSIFICATION NUMBER | |
| Classification number | 621.3121 |
| Edition number | 22 |
| Item number | OFF |
| 245 00 - TITLE STATEMENT | |
| Title | Offshore Wind Energy : |
| Remainder of title | Research on Environmental Impacts / |
| Statement of responsibility, etc | [edited by] Julia Koeller, Johann Koeppel, Wolfgang Peters. |
| 250 ## - EDITION STATEMENT | |
| Edition statement | 1st ed. |
| 260 ## - PUBLICATION, DISTRIBUTION, ETC. (IMPRINT) | |
| Place of publication, distribution, etc | New York : |
| Name of publisher, distributor, etc | Springer, |
| Date of publication, distribution, etc | c2006. |
| 300 ## - PHYSICAL DESCRIPTION | |
| Extent | xviii, 371 p : |
| Other physical details | ill. (chiefly col.) ; |
| Dimensions | 25 cm. |
| 504 ## - BIBLIOGRAPHY, ETC. NOTE | |
| Bibliography, etc | Includes bibliographical references and index. |
| 650 #0 - SUBJECT ADDED ENTRY--TOPICAL TERM | |
| Topical term or geographic name as entry element | Wind power plants |
| Geographic subdivision | Environmental aspects |
| -- | Germany. |
| 9 (RLIN) | 2903 |
| 650 #0 - SUBJECT ADDED ENTRY--TOPICAL TERM | |
| Topical term or geographic name as entry element | Electric power-plants, Offshore |
| Geographic subdivision | Environmental aspects |
| -- | Germany. |
| 9 (RLIN) | 2904 |
| 650 #0 - SUBJECT ADDED ENTRY--TOPICAL TERM | |
| Topical term or geographic name as entry element | Wind power |
| General subdivision | Environmental aspects |
| Geographic subdivision | Germany. |
| 9 (RLIN) | 2905 |
| 700 1# - ADDED ENTRY--PERSONAL NAME | |
| Personal name | Koeller, Julia. |
| 9 (RLIN) | 2906 |
| 700 1# - ADDED ENTRY--PERSONAL NAME | |
| Personal name | Koeppel, Johann. |
| 9 (RLIN) | 2907 |
| 700 1# - ADDED ENTRY--PERSONAL NAME | |
| Personal name | Peters, Wolfgang, |
| Titles and other words associated with a name | Dr. |
| 9 (RLIN) | 2908 |
| 856 42 - ELECTRONIC LOCATION AND ACCESS | |
| Materials specified | Contributor biographical information |
| Uniform Resource Identifier | <a href="http://www.loc.gov/catdir/enhancements/fy0824/2006929203-b.html">http://www.loc.gov/catdir/enhancements/fy0824/2006929203-b.html</a> |
| 856 42 - ELECTRONIC LOCATION AND ACCESS | |
| Materials specified | Publisher description |
| Uniform Resource Identifier | <a href="http://www.loc.gov/catdir/enhancements/fy0824/2006929203-d.html">http://www.loc.gov/catdir/enhancements/fy0824/2006929203-d.html</a> |
| 856 41 - ELECTRONIC LOCATION AND ACCESS | |
| Materials specified | Table of contents only |
| Uniform Resource Identifier | <a href="http://www.loc.gov/catdir/enhancements/fy0824/2006929203-t.html">http://www.loc.gov/catdir/enhancements/fy0824/2006929203-t.html</a> |
| 942 ## - ADDED ENTRY ELEMENTS (KOHA) | |
| Source of classification or shelving scheme | Dewey Decimal Classification |
| Item type | Book - Borrowing |
| Withdrawn status | Item status | Source of classification or shelving scheme | Damaged status | Not for loan | Vendor | Home library | Current library | Shelving location | Date acquired | Source of acquisition | Cost, normal purchase price | Serial Enumeration / chronology | Total Checkouts | Full call number | Barcode | Date last seen | Date last borrowed | Koha item type |
|---|---|---|---|---|---|---|---|---|---|---|---|---|---|---|---|---|---|---|
| Dewey Decimal Classification | Alahram | Central Library | Central Library | First floor | 31/03/2009 | 799.00 | 362 | 2 | 621.3121 OFF | 000015736 | 15/07/2025 | 01/02/2012 | Book - Borrowing |